Le générique des Simpson (version HD) - Statistiques

Statistiques générales
  • Ce quiz a été pris 102 fois
  • Le résultat moyen est 3 sur 8
Statistiques - réponses
Question Réponse % Correct
Dans les premières secondes du générique, quelle structure ne voit-on pas au premier plan ? le bar de Moe
53%
Par la fenêtre de sa voiture, sur qui Homer jette-t-il la barre de carbone radioactive qu'il a dans le dos ? Otto
42%
À la centrale, Lenny remplace le panneau de jours consécutifs sans accident. Quel panneau met-il en place ? 3 jours
37%
Combien coûte Maggie lors de son passage en caisse ? 486,52 $
37%
Que font Sherri et Terri dans l'orchestre pendant que tout le monde joue de la musique ? elles jouent à un jeu sur une console portable
32%
Dans le plan rapide juste avant qu'ils n'arrivent tous chez eux, que fait Krusty ? il fume tout seul
26%
Quel article ne passe pas en même temps que Maggie ? un magazine "anxious mother"
26%
Au moment où Bart écrit une punition au tableau, quelle heure est-il sur l'horloge derrière lui ? 15:00
16%
Aucun quiz correspondant
Distribution des résultats
% des personnes avec chaque résultat
Percentile par nombre de réponses
Votre historique - résultats
Vous n’avez pas pris ce quiz